[Event "BL2-W9697"]
[Site "Germany"]
[Date "1996.??.??"]
[Round "?.2"]
[White "Nothnagel, Holger"]
[Black "Boidman, Yuri"]
[Result "0-1"]
[WhiteElo "2315"]
[BlackElo "2365"]

1.e4 c5 2.Nf3 Nc6 3.d4 cxd4 4.Nxd4 Nf6 5.Nc3 d6 6.Bg5 e6 7.Qd2 a6 8.O-O-O Bd7
9.f4 b5 10.Nxc6 Bxc6 11.Qe3 Qa5 12.Kb1 Be7 13.Bd3 Ng4 14.Qg3 Bxg5 15.Qxg4 b4
16.Nd5 Bh6 17.Rhe1 Bb5 18.Ne3 Bxd3 19.Rxd3 b3 20.Rc3 Qxa2+ 21.Kc1 bxc2 22.Kxc2 O-O
23.Nd1 g6 24.Qe2 Rfc8 25.g3 Bg7 26.e5 dxe5 27.fxe5 Bf8 28.Qf3 Rab8 29.Rf1 Rxc3+
30.Qxc3 Qd5 31.Kb1 Rb3 32.Qc2 Rb7 33.Nc3 Qxe5 34.Qf2 Qxc3  0-1

[Event "BL2-W9697"]
[Site "Germany"]
[Date "1996.??.??"]
[Round "?.5"]
[White "Weidemann, Christian"]
[Black "Kotter, Ralf"]
[Result "0-1"]
[WhiteElo "2270"]
[BlackElo "2300"]

1.e4 c5 2.Nf3 d6 3.d4 cxd4 4.Nxd4 Nf6 5.Nc3 Nc6 6.Bg5 e6 7.Qd2 a6 8.O-O-O h6
9.Be3 Ng4 10.Nxc6 bxc6 11.Bf4 e5 12.Bg3 Be7 13.Kb1 O-O 14.Bc4 Qc7 15.Rhf1 Rb8
16.Qe2 Nf6 17.Rd3 Rb4 18.b3 Nd7 19.a3 Rb8 20.Na4 Qa5 21.Ka2 Nc5 22.Nxc5 Qxc5
23.Qe3 Qa5 24.Qd2 Qc5 25.Qe3 Qa5 26.f4 Be6 27.Bxe6 fxe6 28.Qa7 Rbe8 29.Qd7 d5
30.Qxe6+ Kh8 31.Qxc6 dxe4 32.Rd7 Qxa3+ 33.Kb1 exf4 34.Rxf4 Rxf4 35.Bxf4 Bf6
36.Rd4 Rb8 37.Qd6 Rxb3+ 38.cxb3 Qxb3+ 39.Ka1 Qc3+ 40.Ka2 Qxd4 41.Qb8+ Kh7
42.Ka3 Qa1+  0-1

[Event "BL2-W9697"]
[Site "Germany"]
[Date "1996.??.??"]
[Round "?.5"]
[White "Weidemann, Christian"]
[Black "Laux, Tino"]
[Result "0-1"]
[WhiteElo "2270"]
[BlackElo "2285"]

1.e4 c5 2.Nf3 d6 3.d4 cxd4 4.Nxd4 Nf6 5.Nc3 Nc6 6.Bg5 e6 7.Bb5 Bd7 8.Bxc6 bxc6
9.Qf3 Qa5 10.Bxf6 gxf6 11.Qxf6 Rg8 12.Qf3 Bg7 13.O-O-O Ke7 14.g3 Rgb8 15.Qd3 Qc7
16.f4 Rb4 17.Nb3 c5 18.a3 Rb7 19.Nd2 Rab8 20.Nc4 Bd4 21.Rhe1 Bc6 22.h4 Qc8
23.g4 Qh8 24.e5 d5 25.Na5 Rb6 26.Nxc6+ Rxc6 27.Na4 Qd8 28.c3 Qa5 29.cxd4 cxd4+
30.Kb1 Qxa4 31.Rc1 Rc4 32.f5 Qb3 33.Qd2 d3 34.fxe6 fxe6 35.Re3 Rbc8 36.Rxc4 dxc4  0-1

[Event "BL2-O9596"]
[Site "Germany"]
[Date "1996.??.??"]
[Round "?"]
[White "Grabarczyk, Bogdan"]
[Black "Schirm, Friedmar"]
[Result "1-0"]
[WhiteElo "2420"]
[BlackElo "2295"]

1.e4 c5 2.Nf3 d6 3.d4 cxd4 4.Nxd4 Nf6 5.Nc3 Nc6 6.Bg5 e6 7.Qd3 Be7 8.O-O-O Nxd4
9.Qxd4 O-O 10.e5 dxe5 11.Qxe5 Bd7 12.Qg3 Nh5 13.Bxe7 Qxe7 14.Qc7 Qg5+ 15.f4 Nxf4
16.h4 Qh6 17.Qxd7 Nd5+ 18.Kb1 Rad8 19.Rxd5 exd5 20.Qf5 Qe6 21.Bd3 Qxf5 22.Bxf5 Rfe8
23.Bd3 Re5 24.Kc1 g6 25.Kd2 Kg7 26.Rf1 f5 27.Rf4 h6 28.Nb5 a6 29.Nd4 h5 30.Nf3 Re4
31.g3 Kf6 32.Nd4 Re7 33.Ne2 Re5 34.Rb4 Rd7 35.Nf4 b5 36.a4 d4 37.axb5 axb5
38.Ne2 Red5 39.Rxb5 Ke5 40.Rb4 Ra5 41.Nf4 Rd6 42.Rb8  1-0

[Event "NRW-Liga I 9596"]
[Site "Germany"]
[Date "1996.??.??"]
[Round "?"]
[White "Mueller, Michael"]
[Black "Donner, Bernd"]
[Result "1/2-1/2"]
[WhiteElo "2325"]
[BlackElo "2300"]

1.e4 c5 2.Nf3 Nc6 3.d4 cxd4 4.Nxd4 Nf6 5.Nc3 d6 6.Bg5 e6 7.Bb5 Bd7 8.Bxc6 bxc6
9.Qf3 h6 10.Bh4 e5 11.Nf5 g5 12.Bg3 Bxf5 13.Qxf5 Be7 14.h4 g4 15.O-O-O Qc8
16.Qxc8+ Rxc8 17.h5 Rg8 18.Bh4 Nh7 19.Bxe7 Kxe7 20.Ne2 Ke6 21.Ng3 d5 22.Rd3 Nf6
23.exd5+ cxd5 24.Ra3 Rc6 25.Rxa7 Rgc8 26.c3 d4 27.Re1 dxc3 28.b3 Nd5 29.Ra5 f6
30.Nf5 Kxf5 31.Rxd5 Kg5 32.Rd7 Rg8 33.Kc2 Kxh5 34.a4 Kg5 35.b4 Rb8 36.Kb3 c2
37.Rc1 Rbc8 38.Rd3 e4 39.Rd5+ f5 40.b5 Rc3+ 41.Kb2 Rd3 42.Re5 Rc4 43.Rxc2 Rxa4
44.Rcc5 g3 45.Rxf5+ Kg4 46.fxg3 Rxg3 47.Rf6 Rb4+ 48.Kc1 Ra3 49.Rg6+ Kf4 50.Rxh6 Ra2
51.Rh4+ Ke3 52.Rh3+ Kd4 53.Rc8 Rxg2 54.Rd8+ Kc4 55.Rc8+ Kxb5 56.Rb8+ Kc4
57.Rxb4+ Kxb4 58.Rh4 Kc3 59.Rh3+ Kd4 60.Kd1 e3 61.Rh8  1/2-1/2

[Event "BL9697 (Women)"]
[Site "Germany"]
[Date "1996.??.??"]
[Round "?"]
[White "Koglin, Anke"]
[Black "Espig, Gesine"]
[Result "1-0"]
[WhiteElo "2210"]
[BlackElo "2145"]

1.e4 c5 2.Nf3 Nc6 3.d4 cxd4 4.Nxd4 Nf6 5.Nc3 d6 6.Bg5 e6 7.Qd2 Be7 8.O-O-O a6
9.f4 Qc7 10.Be2 Bd7 11.Bxf6 gxf6 12.Bh5 Rc8 13.f5 Nxd4 14.Qxd4 O-O 15.Qd2 b5
16.Kb1 b4 17.Ne2 exf5 18.exf5 Bxf5 19.Nd4 Qa5 20.Rhe1 Rc7 21.Nxf5 Qxf5 22.Bf3 d5
23.Bxd5 Rd8 24.g4 Qg6 25.Qg2 Rcd7 26.Rd3 Bd6 27.Red1 Be5 28.Qe2 Rd6 29.h4 h6
30.Be4 Qg7 31.Bf5 Qf8 32.g5 Rxd3 33.Bxd3 hxg5 34.hxg5 Qe7 35.Re1 Qd6 36.gxf6 Bxf6
37.Qg4+ Bg7 38.Rg1 Qe5 39.c3 bxc3 40.Qh4 cxb2 41.Qxd8+  1-0

[Event "NRW-Liga I 9596"]
[Site "Germany"]
[Date "1996.??.??"]
[Round "?"]
[White "Auer, Martin"]
[Black "Brenke, Andreas"]
[Result "1-0"]
[WhiteElo "2330"]
[BlackElo "2280"]

1.e4 c5 2.Nf3 d6 3.d4 cxd4 4.Nxd4 Nf6 5.Nc3 Nc6 6.Bg5 e6 7.Qd2 Be7 8.O-O-O Nxd4
9.Qxd4 O-O 10.Bc4 Bd7 11.f4 Qa5 12.e5 dxe5 13.fxe5 Bc6 14.Bd2 Nd7 15.Nd5 Qc5
16.Nxe7+ Qxe7 17.Qf4 Qc5 18.Rhe1 Bb5 19.Bb3 a5 20.Re4 a4 21.Bxa4 Rxa4 22.Rxa4 Rc8
23.Bc3 Bxa4 24.Qxa4 Qe3+ 25.Kb1 Nf8 26.Qd4 Qe2 27.Qd2 Qh5 28.g3 h6 29.Re1 Rc5
30.Qe2 Qf5 31.Rf1 Qg5 32.Qf2 Rc7 33.Rd1 Qh5 34.Kc1 Nd7 35.Qd4 Qg5+ 36.Kb1 Nf8
37.Qb4 Qe7 38.Qxe7 Rxe7 39.a4 Rd7 40.Rxd7 Nxd7 41.Bd4 Kf8 42.a5 h5 43.b4 Ke7
44.c4 Kd8 45.Kc2 f6 46.exf6 gxf6 47.Kd3 f5 48.c5 Kc7 49.Kc4 Kc6 50.Bg7 e5
51.b5+ Kc7 52.Kd5 e4 53.Bd4  1-0

[Event "Graz op"]
[Site "Graz"]
[Date "1996.??.??"]
[Round "?"]
[White "Halser, Walter"]
[Black "Loebler, Heimo"]
[Result "1/2-1/2"]
[WhiteElo "2170"]
[BlackElo "2265"]

1.e4 c5 2.Nf3 Nc6 3.d4 cxd4 4.Nxd4 Nf6 5.Nc3 d6 6.Bg5 e6 7.Nxc6 bxc6 8.e5 Qa5
9.Bxf6 gxf6 10.exd6 Qe5+ 11.Qe2 Bxd6 12.O-O-O Qf4+ 13.Kb1 Be5 14.Qe4 Qxe4
15.Nxe4 Ke7 16.g3 Rb8 17.b3 f5 18.Nc5 h5 19.Bg2 Bd6 20.Nd3 c5 21.Nb2 Ba6
22.Bf1 Bb7 23.Rg1 Be5 24.Bg2 Ba6 25.Bf1 Bc8 26.Be2 Bd4 27.Rgf1 h4 28.g4 fxg4
29.Bxg4 Ba6 30.c4 Bb7 31.Nd3 Rbg8 32.f3 h3 33.Rfe1 Rg5 34.Nf4 Rh6 35.Rd3 f5
36.Nxh3 Rxg4 37.fxg4 Be4 38.Rxe4 fxe4 39.Rg3 Rf6 40.g5 Rf1+ 41.Kc2 Ra1 42.g6 Rxa2+
43.Kd1 Bg7 44.Ng5 Rxh2 45.Nxe4 Rh5 46.Rf3 Rf5 47.Rxf5 exf5 48.Nxc5 Kf6 49.Ke2 Kxg6
50.b4 Kf6 51.b5 Ke5 52.b6 axb6 53.Nd7+ Kd6 54.Nxb6 Kc5 55.Nd5 Kxc4 56.Ne3+ Kc5  1/2-1/2

[Event "GRE-ch95"]
[Site "GRE"]
[Date "1996.??.??"]
[Round "4"]
[White "Sirigos, Nikolaos"]
[Black "Vragoteris, Antonios"]
[Result "0-1"]
[WhiteElo "2285"]
[BlackElo "2330"]

1.e4 c5 2.Nf3 Nc6 3.d4 cxd4 4.Nxd4 Nf6 5.Nc3 d6 6.Bg5 Qb6 7.Bxf6 gxf6 8.Nb3 e6
9.Qd2 Bd7 10.f4 Rc8 11.Be2 a6 12.Bh5 Na5 13.O-O-O Nc4 14.Qd4 Qxd4 15.Nxd4 b5
16.Rhe1 b4 17.Nb1 Ke7 18.Nd2 Bh6 19.g3 Rc5 20.Nxc4 Rxc4 21.Kb1 Rc5 22.Be2 Ra8
23.Rd3 a5 24.Red1 a4 25.Bf3 Ra6 26.Rc1 a3 27.bxa3 Rxa3 28.Rxa3 bxa3 29.c4 f5
30.exf5 Bg7 31.Nb3 Rxf5 32.Bg4 e5 33.Re1 Rf6 34.Bxd7 Kxd7 35.fxe5 Rf2 36.Rc1 Bxe5
37.Rc2 Rf1+ 38.Nc1 Kc6 39.c5 dxc5 40.Rc4 Bb2  0-1

[Event "Koop Tjuchem op"]
[Site "Groningen"]
[Date "1996.??.??"]
[Round "5"]
[White "Docx, Stefan"]
[Black "Levin, Felix"]
[Result "0-1"]
[WhiteElo "2315"]
[BlackElo "2475"]

1.e4 c5 2.Nf3 d6 3.d4 cxd4 4.Nxd4 Nf6 5.Nc3 Nc6 6.Bg5 e6 7.Qd2 a6 8.O-O-O h6
9.Bf4 Bd7 10.Nxc6 Bxc6 11.Qe1 Be7 12.f3 Qc7 13.Kb1 b5 14.h4 b4 15.Ne2 e5
16.Bh2 a5 17.Nc1 Bd7 18.g4 Be6 19.Bb5+ Nd7 20.Qe2 Bxh4 21.f4 Rc8 22.fxe5 dxe5
23.Bxe5 Qxe5 24.Rxh4 Rc7 25.Rh5 g5 26.Rdh1 Ke7 27.Rxh6 Rxh6 28.Rxh6 Nf6 29.Bd3 Nxg4
30.Rh1 a4 31.Qd2 Rb7 32.Rh5 Qf4 33.Qxf4 gxf4 34.Ne2 f3 35.Nd4 f2 36.Rh4 Rd7
37.c3 bxc3 38.bxc3 Ne5 39.Bf1 Bc4 40.Rh1 Rb7+ 41.Ka1 a3 42.Nf5+ Ke6 43.Rh6+ Kd7
44.Nd6 Bxf1  0-1

[Event "Koop Tjuchem"]
[Site "Groningen"]
[Date "1996.??.??"]
[Round "5"]
[White "Short, Nigel D"]
[Black "Svidler, Peter"]
[Result "1/2-1/2"]
[WhiteElo "2695"]
[BlackElo "2650"]

1.e4 c5 2.Nf3 Nc6 3.d4 cxd4 4.Nxd4 Nf6 5.Nc3 d6 6.Bg5 e6 7.Qd2 a6 8.O-O-O h6
9.Be3 Be7 10.f4 Nxd4 11.Bxd4 b5 12.Qe1 Bb7 13.Kb1 Qc7 14.e5 dxe5 15.Bxe5 Qc6
16.Be2 O-O 17.Bf3 Qb6 18.Qg3 Rfd8 19.Ne4 Ne8 20.Nf2 Rxd1+  1/2-1/2

[Event "Hafnarfjordur op"]
[Site "Hafnarfjordur"]
[Date "1996.??.??"]
[Round "5"]
[White "Bjarnason, Saevar"]
[Black "Thorfinnsson, Bragi"]
[Result "1/2-1/2"]
[WhiteElo "2285"]
[BlackElo "2155"]

1.e4 c5 2.Nf3 d6 3.Nc3 Nc6 4.d4 cxd4 5.Nxd4 Nf6 6.Bg5 e6 7.Qd2 a6 8.O-O-O h6
9.Bf4 Bd7 10.Nxc6 Bxc6 11.f3 d5 12.Qe1 Bb4 13.a3 Ba5 14.b4 Bb6 15.e5 Nd7
16.Be3 Bxe3+ 17.Qxe3 b5 18.Ne2 Qb6 19.Qxb6 Nxb6 20.Nd4 Bd7 21.Bd3 Ke7 22.f4 Rhc8
23.Kd2 Na4 24.Nb3 Rc3 25.g4 Rac8 26.Rb1 R3c7 27.Nd4 Nb6 28.Rb3 Nc4+ 29.Bxc4 Rxc4
30.Rd3 a5 31.c3 axb4 32.axb4 Ra8 33.Rc1 Ra2+ 34.Rc2 Ra1 35.Rc1  1/2-1/2

[Event "Haifa"]
[Site "Haifa"]
[Date "1996.??.??"]
[Round "4"]
[White "Sutovskij, Emil"]
[Black "Greenfeld, Alon"]
[Result "1-0"]
[WhiteElo "2545"]
[BlackElo "2560"]

1.e4 c5 2.Nf3 d6 3.d4 cxd4 4.Nxd4 Nf6 5.Nc3 Nc6 6.Bg5 e6 7.Qd2 a6 8.O-O-O h6
9.Be3 Be7 10.f4 Nxd4 11.Bxd4 b5 12.Be2 b4 13.Na4 Nxe4 14.Qe3 Nf6 15.Bf3 Rb8
16.Ba7 Bd7 17.Nb6 Bb5 18.h4 O-O 19.f5 Qc7 20.Bxb8 Rxb8 21.Na8 Qd8 22.fxe6 Rxa8
23.exf7+ Kxf7 24.Bxa8 Qxa8 25.Rhe1 Bf8 26.g4 Qc8 27.g5 Ng4 28.Qf3+ Kg8 29.Rg1 h5
30.Qd5+ Kh8 31.g6 Nf6 32.Qg5 Be2 33.Rd4 d5 34.Re1 Bg4 35.Rf4 Qd8 36.Ref1 a5
37.Rxg4  1-0

[Event "Hallsberg op"]
[Site "Hallsberg"]
[Date "1996.??.??"]
[Round "5"]
[White "Sammalvuo, Tapani"]
[Black "Lauber, Arnd"]
[Result "1-0"]
[WhiteElo "2325"]
[BlackElo "2355"]

1.e4 c5 2.Nf3 d6 3.d4 cxd4 4.Nxd4 Nf6 5.Nc3 Nc6 6.Bg5 e6 7.Qd2 a6 8.O-O-O h6
9.Bf4 Bd7 10.Nxc6 Bxc6 11.f3 d5 12.Qe1 Bb4 13.a3 Ba5 14.exd5 Nxd5 15.b4 Nxf4
16.Rxd8+ Bxd8 17.h4 O-O 18.Qe3 Nd5 19.Nxd5 Bxd5 20.Bd3 Rc8 21.g4 Rc6 22.g5 h5
23.Rd1 Bb6 24.Qe2 g6 25.Be4 Bxe4 26.Qxe4 Rfc8 27.Rd7 Rc4 28.Qxb7 Rxc2+ 29.Kd1 R8c6
30.Qb8+ Kg7 31.Qe5+ Kg8 32.Qf4 Rc1+ 33.Qxc1 Rxc1+ 34.Kxc1 Bf2 35.Rd6 Bxh4
36.Rxa6 Bxg5+ 37.Kd1 h4 38.Ke2 Kf8 39.Rc6 h3 40.Kf2 Bf4 41.a4 g5 42.a5 Kg7
43.a6 Bb8 44.Rc8  1-0

[Event "Helsinki We Ilves op"]
[Site "Helsinki"]
[Date "1996.??.??"]
[Round "2"]
[White "Sammalvuo, Tapani"]
[Black "Lehto, Ville"]
[Result "1/2-1/2"]
[WhiteElo "2325"]
[BlackElo "2295"]

1.e4 c5 2.Nf3 d6 3.d4 cxd4 4.Nxd4 Nf6 5.Nc3 Nc6 6.Bg5 e6 7.Qd2 a6 8.O-O-O h6
9.Bf4 Bd7 10.Nxc6 Bxc6 11.f3 d5 12.Qe1 Bb4 13.a3 Ba5 14.exd5 Nxd5 15.b4 Nxf4
16.Rxd8+ Bxd8 17.h4 O-O 18.Qe3 Bc7 19.Kb1 Rfe8 20.g4 Nd5 21.Nxd5 exd5 22.Qd2 Bb6
23.g5 Be3 24.Qg2 Re6 25.Bd3 Bb5 26.Bf5 Re5 27.Qg4 h5 28.Qh3 g6 29.Bc8 Bf4
30.Rd1 Bc4 31.Qd7 Re3 32.Qd8+ Kh7 33.Qf6 Be5 34.Qxf7+ Bg7 35.Qxb7 Rxa3 36.Kc1 Rxc8
37.Qxc8 Bc3 38.Qd7+  1/2-1/2

[Event "ROM-ch"]
[Site "Herculane"]
[Date "1996.??.??"]
[Round "8"]
[White "Moldovan, Daniel"]
[Black "Nevednichy, Vladislav"]
[Result "1/2-1/2"]
[WhiteElo "2400"]
[BlackElo "2525"]

1.e4 c5 2.Nf3 Nc6 3.d4 cxd4 4.Nxd4 Nf6 5.Nc3 d6 6.Bg5 e6 7.Qd2 a6 8.O-O-O Bd7
9.f4 b5 10.Nxc6 Bxc6 11.Bxf6 Qxf6 12.Bd3 Be7 13.Kb1 O-O 14.Rhf1 b4 15.Ne2 a5
16.g4 g5 17.e5 dxe5 18.f5 Bg2 19.Rg1 e4 20.Rxg2 exd3 21.cxd3 exf5 22.gxf5 Kh8
23.Ng3  1/2-1/2

[Event "Hlohovec op"]
[Site "Hlohovec"]
[Date "1996.??.??"]
[Round "6"]
[White "Kovacocy, Pavol"]
[Black "Goloshchapov, Alexander"]
[Result "1/2-1/2"]
[WhiteElo "2230"]
[BlackElo "2445"]

1.e4 c5 2.Nf3 Nc6 3.d4 cxd4 4.Nxd4 Nf6 5.Nc3 d6 6.Bg5 e6 7.Qd2 a6 8.O-O-O h6
9.Be3 Bd7 10.f3 b5 11.g4 Ne5 12.g5 hxg5 13.Bxg5 b4 14.Nce2 Nc4 15.Qd3 Qa5
16.Qxc4 Qxg5+ 17.Kb1 Qc5 18.Nc1 Qxc4 19.Bxc4 Rh5 20.Nce2 g6 21.Ng3 Rh4 22.Nde2 d5
23.Bd3 Bd6 24.exd5 Nxd5 25.Be4 Bc6 26.Nd4 Bb7 27.Rhe1 Rxh2 28.Nf1 Rh3 29.Nxe6 fxe6
30.Bxd5 Bxd5 31.Rxd5 Ke7 32.Rd3 Rf8 33.Nd2 Bf4 34.Ne4 Rd8 35.Rb3 a5 36.a3 Rd4
37.axb4 Rxb4 38.Rd3 Rb5 39.Ka2 Rh2 40.Kb1 Be5 41.Nc3 Rc5 42.Na4 Rb5 43.Nc3 Rc5
44.Na4 Rb5  1/2-1/2

[Event "Hessen-ch"]
[Site "Hofbieber"]
[Date "1996.??.??"]
[Round "11"]
[White "Zude, Arno"]
[Black "Cicak, Slavko"]
[Result "1/2-1/2"]
[WhiteElo "2440"]
[BlackElo "2425"]

1.e4 c5 2.Nf3 d6 3.d4 cxd4 4.Nxd4 Nf6 5.Nc3 Nc6 6.Bg5 e6 7.Qd2 Be7 8.O-O-O Nxd4
9.Qxd4 O-O 10.e5 dxe5 11.Qxe5 Bd7 12.h4 Rc8 13.Rh3 Qc7 14.Qxc7 Rxc7 15.Nb5 Bxb5
16.Bxb5 Nd5 17.Bxe7 Rxe7 18.Ra3 Ra8 19.Be2 Kf8 20.Bf3 Nf6 21.Rad3 Rc7 22.Rd8+ Rxd8
23.Rxd8+ Ke7 24.Rb8 b6 25.Kd2 h6 26.Rb7 Rxb7 27.Bxb7 g5 28.hxg5 hxg5 29.c4 Kd6
30.b4 Ng8 31.Kd3 f5  1/2-1/2

[Event "NLD-chT9697"]
[Site "Holland"]
[Date "1996.??.??"]
[Round "?"]
[White "Hommeles, Theo"]
[Black "Peek, Marcel"]
[Result "0-1"]
[WhiteElo "2280"]
[BlackElo "2335"]

1.e4 c5 2.Nf3 d6 3.d4 cxd4 4.Nxd4 Nf6 5.Nc3 Nc6 6.Bg5 e6 7.Qd2 Be7 8.O-O-O Nxd4
9.Qxd4 O-O 10.e5 dxe5 11.Qxe5 Bd7 12.Qg3 Qe8 13.Bd3 Nh5 14.Bxh7+ Kxh7 15.Qd3+ g6
16.Bxe7 Qxe7 17.Qxd7 Qg5+ 18.Qd2 Qxg2 19.Qe3 Qc6 20.Rhg1 b6 21.Rg5 Rac8 22.Qh3 Kh6
23.Rdg1 Rg8 24.Qe3 Kh7 25.Qh3 Kh6 26.Re5 Rg7 27.Rgg5 Qh1+ 28.Kd2 Rd8+ 29.Ke2 f5
30.Qh4 Rd6 31.Re3 Rgd7 32.Rd3 Rxd3 33.cxd3 Qc1 34.Rg3 g5  0-1

[Event "HUN-chT1 9596"]
[Site "HUN"]
[Date "1996.??.??"]
[Round "8"]
[White "Almasi, Istvan"]
[Black "Cosma, Ioan"]
[Result "1/2-1/2"]
[WhiteElo "2375"]
[BlackElo "2440"]

1.e4 c5 2.Nf3 Nc6 3.d4 cxd4 4.Nxd4 Nf6 5.Nc3 d6 6.Bg5 e6 7.Qd2 Be7 8.O-O-O Nxd4
9.Qxd4 O-O 10.f4 Qa5 11.Bc4 Bd7 12.e5 dxe5 13.fxe5 Bc6 14.Bd2 Nd7 15.Nd5 Qd8
16.Nxe7+ Qxe7 17.Rhe1 Rfd8 18.Qg4 Nf8 19.Bd3 Rxd3 20.cxd3 Qd7 21.Bb4 Qd5
22.Bxf8 Rxf8 23.Kb1 Qxg2 24.Qxg2 Bxg2 25.Rg1 Bc6 26.Rg3 f5 27.exf6 Rxf6 28.Kc2 Rf2+
29.Rd2 Rf5 30.d4 Kf7 31.Ra3 a6  1/2-1/2

[Event "HUN-chT1 9596"]
[Site "HUN"]
[Date "1996.??.??"]
[Round "11"]
[White "Besztercsenyi, Tibor"]
[Black "Varga, Peter"]
[Result "1-0"]
[WhiteElo "2275"]
[BlackElo "2440"]

1.e4 c5 2.Nf3 Nc6 3.d4 cxd4 4.Nxd4 Nf6 5.Nc3 d6 6.Bg5 e6 7.Qd2 a6 8.O-O-O h6
9.Be3 Be7 10.f3 Nxd4 11.Qxd4 b5 12.Be2 e5 13.Qd2 Be6 14.a3 Qa5 15.Kb1 Rc8
16.g4 Rxc3 17.Qxc3 Qxc3 18.bxc3 d5 19.exd5 Nxd5 20.Bd2 Nb6 21.Bc1 O-O 22.Rd3 Nc4
23.Rhd1 Rc8 24.Rd7 Bxd7 25.Rxd7 Bg5 26.Bb2 g6 27.Ka2 Kg7 28.Bd3 Nd2 29.Be2 Rc6
30.h4 Bf4 31.Bc1 Nc4 32.Bxf4 exf4 33.Rd4 Ne3 34.Kb3 Ng2 35.c4 Re6 36.Bf1 Ne3
37.Bd3 bxc4+ 38.Bxc4 Nxc4 39.Kxc4 g5 40.hxg5 hxg5 41.Rd3 f5 42.gxf5 Re5 43.Kd4 Rxf5
44.c4 Kf6 45.c5 Ke6 46.Kc4 Re5 47.c6 Re1 48.Kc5 Re3 49.c7 Rxd3 50.c8=Q+ Ke5
51.Qh8+ Ke6 52.Qh6+ Kd7 53.Qh7+  1-0

[Event "HUN-chT1 9596"]
[Site "HUN"]
[Date "1996.??.??"]
[Round "13"]
[White "Anka, Emil"]
[Black "Karolyi, Tibor Jr"]
[Result "1-0"]
[WhiteElo "2410"]
[BlackElo "2385"]

1.e4 c5 2.Nf3 Nc6 3.d4 cxd4 4.Nxd4 Nf6 5.Nc3 d6 6.Bg5 e6 7.Qd2 a6 8.O-O-O Bd7
9.f4 b5 10.Qe1 Nxd4 11.Rxd4 Qb6 12.Bxf6 gxf6 13.Rd2 h5 14.Bd3 O-O-O 15.Kb1 Be7
16.Rf1 Kb8 17.a3 Rc8 18.Na2 Bc6 19.c4 Bd7 20.cxb5 axb5 21.Rf3 Rc5 22.Bf1 Ka7
23.Rb3 f5 24.Nc3 fxe4 25.Nxe4 Rf5 26.g3 Bc6 27.Nc3 Qa5 28.Bg2 Bxg2 29.Qf2+ Qb6
30.Qxg2 Qa6 31.Qf2+ Ka8 32.Qe2 Rb8 33.Rd4 Rb6 34.Rdb4 Kb8 35.Rxb5 Rfxb5 36.Rxb5 d5
37.Rxb6+ Qxb6 38.Nxd5  1-0

[Event "HUN-chT1 9697"]
[Site "Hungary"]
[Date "1996.??.??"]
[Round "2"]
[White "Szabo, Zsolt"]
[Black "Gyorkos, Lajos"]
[Result "1/2-1/2"]
[WhiteElo "2370"]
[BlackElo "2390"]

1.e4 c5 2.Nf3 Nc6 3.d4 cxd4 4.Nxd4 Nf6 5.Nc3 d6 6.Bg5 e6 7.Qd2 a6 8.O-O-O Bd7
9.f3 b5 10.Nxc6 Bxc6 11.g4 Qc7 12.Bd3 Be7 13.Ne2 h6 14.Be3 Nd7 15.Nd4 Ne5
16.h4 Bd7 17.g5 Nxd3+ 18.Qxd3 Qc4 19.Kb1 Rc8 20.Qd2 h5 21.f4 d5 22.b3 Qc3
23.exd5 Qxd2 24.Bxd2 exd5 25.Rde1 Kf8 26.Re5 Bg4 27.Rxd5 Kg8 28.Re1 Bc5 29.Ree5 Bxd4
30.Rxd4 Kh7 31.Ba5 Rc6 32.c3 f6 33.Re7 Kg6 34.Kb2 fxg5 35.fxg5 Rf8 36.Ka3 Rf2
37.Rd8 Rf7 38.Rxf7 Kxf7  1/2-1/2

[Event "HUN-chT1 9697"]
[Site "Hungary"]
[Date "1996.??.??"]
[Round "3"]
[White "Wells, Peter K"]
[Black "Kiss, Attila"]
[Result "1/2-1/2"]
[WhiteElo "2495"]
[BlackElo "2395"]

1.e4 c5 2.Nf3 Nc6 3.d4 cxd4 4.Nxd4 Nf6 5.Nc3 d6 6.Bg5 e6 7.Qd2 Be7 8.O-O-O O-O
9.f4 Nxd4 10.Qxd4 a6 11.Kb1 b5 12.Bxf6 Bxf6 13.e5 dxe5 14.Qe4 Qb6 15.Qxa8 Bb7
16.Rd6 Qc7 17.Qa7 Qxd6 18.Qxb7 b4 19.Ne2 exf4 20.Qe4 Rd8 21.Nc1 Qd1 22.g3 Rd4
23.Bd3 Qh5 24.Qc6 g6 25.Nb3 Qe5 26.Nxd4 Qxd4 27.Kc1 fxg3 28.Qe4 Qxb2+ 29.Kd2 gxh2
30.Rxh2 a5 31.Rf2 Kg7 32.Qf4 h5 33.Ke2 h4 34.Qf3 a4 35.Kf1 Qd4 36.Kg2 g5
37.Kh3 Qc3 38.Qe4 Qa1 39.Kg2 Qc3 40.Qh7+ Kf8 41.Qe4 b3 42.cxb3 axb3 43.axb3 Bd4
44.Rc2 Qa1 45.Rc8+ Ke7 46.Bb1 Be5 47.Qd3 Bd6 48.Qe3 Qa5 49.Rg8 Kf6 50.Qd4+ Be5
51.b4 Qc7 52.Qd8+ Qxd8 53.Rxd8 g4 54.Rg8 h3+ 55.Kf2 g3+ 56.Rxg3 Bxg3+ 57.Kxg3 Ke5
58.Kxh3 Kd5 59.b5 f5 60.Kg3 Kc5 61.Bd3 e5 62.Bf1 Kd6 63.Kf3 Kc5 64.Ke3 Kd6
65.Kd3 Kc5 66.Kc3 e4  1/2-1/2

[Event "HUN-chT1 9697"]
[Site "Hungary"]
[Date "1996.??.??"]
[Round "4"]
[White "Szalanczy, Emil"]
[Black "Kozma, Karoly"]
[Result "1-0"]
[WhiteElo "2415"]
[BlackElo "2300"]

1.e4 c5 2.Nf3 d6 3.d4 cxd4 4.Nxd4 Nf6 5.Nc3 Nc6 6.Bg5 e6 7.Qd2 a6 8.O-O-O h6
9.Be3 Nxd4 10.Bxd4 b5 11.f4 Bb7 12.Bxf6 gxf6 13.Qe3 h5 14.Bd3 Qc7 15.Kb1 Qc5
16.Qxc5 dxc5 17.Nxb5 O-O-O 18.Nc3 Be7 19.Be2 h4 20.Bg4 Rd4 21.Bf3 Kc7 22.Rd3 Bd6
23.Ne2 Rxe4 24.Rhd1 Rxe2 25.Bxe2 Bxf4 26.Rd7+ Kb6 27.h3 Bxg2 28.Rxf7 Be5
29.Rd3 Bd5 30.Rg7 Bc4 31.Rd2 Bf4 32.Bxc4 Bxd2 33.Re7 e5 34.a4 Rc8 35.c3 Rc6
36.Kc2 Rd6 37.Bd3 Be1 38.Be4 c4 39.Rb7+ Ka5 40.Rb4 Rd2+ 41.Kb1 Rf2 42.Rxc4 f5
43.Bc2 Kb6 44.a5+ Kb7 45.Rxh4 e4 46.Rh7+ Kb8 47.Re7 Rf1 48.Ka2 Bd2 49.h4 Rf2
50.Kb3 e3 51.Bd3 f4 52.Bxa6 Bc1 53.Bc4 Rxb2+ 54.Ka4 Rb1 55.a6 Ra1+ 56.Kb5 Bd2
57.Kb6 Rb1+ 58.Bb5 Rxb5+ 59.Kxb5 Bxc3 60.a7+  1-0

[Event "ISR-chT"]
[Site "Israel"]
[Date "1996.??.??"]
[Round "10"]
[White "Malachi, Avraham"]
[Black "Shmuter, Leonid"]
[Result "0-1"]
[WhiteElo "2250"]
[BlackElo "2490"]

1.e4 c5 2.Nf3 d6 3.d4 cxd4 4.Nxd4 Nf6 5.Nc3 Nc6 6.Bg5 Qb6 7.Nb3 e6 8.Bf4 Ne5
9.Be3 Qc7 10.f4 Nc6 11.g4 a6 12.g5 Nd7 13.h4 b5 14.h5 Nb6 15.Qf3 Bb7 16.g6 hxg6
17.hxg6 Rxh1 18.gxf7+ Qxf7 19.Qxh1 Nb4 20.O-O-O Na4 21.Nxa4 bxa4 22.Na5 Rc8
23.Nc4 e5 24.Rxd6 Nxc2 25.Nxe5 Nxe3+ 26.Kb1 Bxd6 27.Nxf7 Kxf7 28.Bd3 Bxf4
29.Qf3 g5 30.Qh5+ Kg7 31.e5 Nf5 32.a3 Rc1+ 33.Ka2 Bd5+ 34.b3 axb3+ 35.Kb2 Re1
36.a4 a5 37.Kc3 Rxe5 38.Qg4 Be6 39.Qf3 Rc5+ 40.Kb2 Nd6 41.Qh5 Nc4+ 42.Kc3 Be5+
43.Kxb3 Ne3+ 44.Ka3 Rc3+  0-1

[Event "ISR-ch"]
[Site "Jerusalem"]
[Date "1996.??.??"]
[Round "2"]
[White "Gruenfeld, Yehuda"]
[Black "Vydeslaver, Alik"]
[Result "0-1"]
[WhiteElo "2520"]
[BlackElo "2440"]

1.e4 c5 2.Nf3 Nc6 3.d4 cxd4 4.Nxd4 Nf6 5.Nc3 d6 6.Bg5 e6 7.Qd2 a6 8.O-O-O h6
9.Be3 Be7 10.f3 Nxd4 11.Bxd4 b5 12.h4 Rb8 13.Qf2 Qa5 14.Kb1 b4 15.Ne2 e5
16.Ba7 Rb7 17.Nc1 Be6 18.g4 d5 19.Nb3 Qc7 20.Bc5 d4 21.Bxe7 Kxe7 22.Bd3 a5
23.Qd2 Nd7 24.g5 a4 25.Nc1 a3 26.b3 Qc3 27.Qxc3 dxc3 28.Be2 Nc5 29.Rhg1 Rd7
30.Rxd7+ Kxd7 31.g6 f5 32.Rd1+ Kc6 33.exf5 Bxf5 34.h5 Rf8 35.Bc4 Bh3 36.Bf7 Bg2
37.Nd3 Nxd3 38.Rxd3 Kc7 39.Kc1 Rd8 40.Re3 Rd2 41.Bc4 Kd6 42.Be2 Rd4 43.Bd3 Rh4
44.Kd1 Rh1+ 45.Ke2 Bf1+ 46.Kf2 Bxd3 47.Rxd3+ Ke6 48.Rd8 Rxh5 49.Ke3 Rh4 50.Rb8 Kf5
51.Rb5 Rd4 52.Rb6 h5  0-1

[Event "ISR-ch"]
[Site "Jerusalem"]
[Date "1996.??.??"]
[Round "9"]
[White "Vydeslaver, Alik"]
[Black "Nor, Igal"]
[Result "0-1"]
[WhiteElo "2440"]
[BlackElo "2295"]

1.e4 c5 2.Nf3 d6 3.d4 cxd4 4.Nxd4 Nf6 5.Nc3 Nc6 6.Bg5 e6 7.Qd2 Be7 8.O-O-O O-O
9.f4 Nxd4 10.Qxd4 a6 11.Rd3 b5 12.Rg3 Nh5 13.Bxe7 Qxe7 14.Rf3 Nxf4 15.g3 Ng6
16.h4 Ne5 17.Rf2 Bb7 18.Be2 Rac8 19.g4 Rc5 20.g5 Rfc8 21.Rg1 Nc4 22.h5 Nxb2
23.Kxb2 Rxc3 24.Qxc3 Rxc3 25.Kxc3 Bxe4 26.Bd3 d5 27.Rgf1 Bxd3 28.cxd3 Qxg5
29.Rxf7 h6 30.Ra7 d4+ 31.Kb3 Qd2 32.Ra8+ Kh7  0-1

[Event "Jyvaskyla op2"]
[Site "Jyvaskyla"]
[Date "1996.??.??"]
[Round "5"]
[White "Holmsten, Aleksei"]
[Black "Tella, Jussi"]
[Result "1/2-1/2"]
[WhiteElo "2305"]
[BlackElo "2310"]

1.e4 c5 2.Nf3 d6 3.d4 cxd4 4.Nxd4 Nf6 5.Nc3 Nc6 6.Bg5 e6 7.Qd2 Be7 8.O-O-O O-O
9.f4 h6 10.Bh4 e5 11.Nf5 Bxf5 12.exf5 exf4 13.Qxf4 d5 14.Bd3 d4 15.Bxf6 dxc3
16.Bxe7 cxb2+ 17.Kb1 Qxe7 18.f6 Qxf6 19.Qxf6 gxf6 20.Rhf1 Kg7 21.Rf3 Rfd8
22.Rg3+ Kf8 23.Rh3 Ne5 24.Rxh6 Ke7 25.Re1 Rd6 26.Kxb2 Re6 27.Re4 Nxd3+ 28.cxd3 Rxe4
29.dxe4 Rg8 30.g3 Rg4 31.Rh8 Rxe4 32.Rb8 Re2+ 33.Kb1 Re1+  1/2-1/2

[Event "Jyvaskyla op2"]
[Site "Jyvaskyla"]
[Date "1996.??.??"]
[Round "6"]
[White "Tuomala, Tapio"]
[Black "Yrjola, Jouni"]
[Result "0-1"]
[WhiteElo "2285"]
[BlackElo "2460"]

1.e4 c5 2.Nf3 d6 3.d4 cxd4 4.Nxd4 Nf6 5.Nc3 Nc6 6.Bg5 e6 7.Bb5 Qb6 8.O-O Be7
9.Be3 Qc7 10.a4 O-O 11.Nxc6 bxc6 12.Bd3 c5 13.Bf4 c4 14.Be2 a6 15.Bf3 Rb8
16.Qc1 Nd7 17.g3 Ne5 18.Bg2 Bb7 19.h3 Bc6 20.Re1 Qb7 21.Rb1 Ng6 22.Bg5 Bxg5
23.Qxg5 Qb4 24.h4 h6 25.Qe3 Bxa4 26.Nxa4 Qxa4 27.b3 Qc6 28.bxc4 Ne5 29.Bf1 a5
30.Rxb8 Rxb8 31.Qa3 a4 32.Rd1 Nxc4 33.Bxc4 Qxc4 34.Qxd6 Ra8 35.Qa3 Qxc2 36.Rd4 Qb3
37.Rd3 Qxa3 38.Rxa3 Kf8 39.Kf1 Ke7 40.Ke2 Kd6 41.Kd3 Kc5 42.Kc3 Kb5 43.Ra1 a3
44.Ra2 Ka4 45.Kc2 Rd8 46.Ra1 Rc8+ 47.Kd3 Rb8 48.f4 Rb2 49.Rc1 a2 50.Rc7 Rb5
51.Rc1 Rb1  0-1